Spanish-Speaking Countries- Sudden Death - Statistics

General Stats
  • This quiz has been taken 101 times
  • The average score is 14 of 16
Answers on the Grid
Answers color-coded by a green-red scale on the quiz's grid according to % correct below.
Bolivia
Cuba
Guyana
Peru
USA
Canada
Dominican Republic
UK
Spain
Argentina
Panama
Chile
Australia
Honduras
Fiji
Grenada
El Salvador
Maldives
Jordan
Ecuador
Mexico
Phillipines
Brazil
Germany
France
Paraguay
Venezuela
Costa Rica
Italy
Nicaragua
 
Answer Stats
Answer % Correct
Bolivia
98%
Cuba
95%
Peru
91%
Spain
90%
Ecuador
89%
Argentina
88%
Chile
88%
Panama
88%
Mexico
87%
Dominican Republic
85%
El Salvador
85%
Costa Rica
84%
Honduras
82%
Nicaragua
82%
Venezuela
82%
Paraguay
80%
No matching quizzes found
Score Distribution
Percent of People with Each Score
Percentile by Number Answered
Your Score History
You have not taken this quiz